[Event "POL-chT2 U18"]
[Site "Augustow"]
[Date "1996.??.??"]
[Round "?"]
[White "Piescikowski, Mateusz"]
[Black "Wojcik, Bogumil"]
[Result "1/2-1/2"]
[WhiteElo "1775"]
[BlackElo "1800"]
[PlyCount "60"]
[EventDate "1996.??.??"]
[EventType "team"]
[EventRounds "10"]
[EventCountry "POL"]
[SourceTitle "EXT 2003"]
[Source "ChessBase"]
[SourceDate "2002.11.25"]
[SourceVersion "1"]
[SourceVersionDate "2002.11.25"]
[SourceQuality "1"]

1. d4 Nf6 2. c4 g6 3. Nc3 d5 4. cxd5 Nxd5 5. e4 Nxc3 6. bxc3 Bg7 7. Nf3 c5 8. Rb1 0-0 9. Be2 b6 10. 0-0 cxd4 11. cxd4 Nc6 12. d5 Ne5 13. Nxe5 Bxe5 14. f4 Bg7 15. e5 Bf5 16. Rb4 Qc7 17. Rc4 Qb7 18. Ba3 Rac8 19. Qd4 Rxc4 20. Bxc4 Rc8 21. Re1 Qd7 22. Bb3 b5 23. d6 exd6 24. Qxd6 a5 25. e6 Qxd6 26. exf7+ Kh8 27. Re8+ Qf8 28. Bxf8 Bxf8 29. Bd5 Bd7 30. Bc6 Bxe8 1/2-1/2

[Event "POL-chT2 U18"]
[Site "Augustow"]
[Date "1996.??.??"]
[Round "?"]
[White "Stanek, Piotr"]
[Black "Wojcik, Bogumil"]
[Result "1-0"]
[WhiteElo "2115"]
[BlackElo "1800"]
[PlyCount "47"]
[EventDate "1996.??.??"]
[EventType "team"]
[EventRounds "10"]
[EventCountry "POL"]
[SourceTitle "EXT 2003"]
[Source "ChessBase"]
[SourceDate "2002.11.25"]
[SourceVersion "1"]
[SourceVersionDate "2002.11.25"]
[SourceQuality "1"]

1. d4 Nf6 2. Nf3 g6 3. c4 d5 4. cxd5 Nxd5 5. e4 Nb6 6. h3 Bg7 7. Nc3 0-0 8. Be3 Nc6 9. Be2 f5 10. exf5 Bxf5 11. 0-0 Kh8 12. Re1 Nd5 13. Nxd5 Qxd5 14. Qa4 Bd7 15. Rad1 Qf5 16. Qb3 b6 17. Ne5 Nxe5 18. dxe5 Be6 19. Qb5 Qxe5 20. Qxe5 Bxe5 21. Bh6 Rfd8 22. Bf3 Rxd1 23. Bxd1 Rd8 24. Bf3 1-0

[Event "POL-chT2 U18"]
[Site "Augustow"]
[Date "1996.??.??"]
[Round "?"]
[White "Wojcik, Bogumil"]
[Black "Dobrowolski, Aleksander"]
[Result "0-1"]
[WhiteElo "1800"]
[BlackElo "2215"]
[PlyCount "52"]
[EventDate "1996.??.??"]
[EventType "team"]
[EventRounds "10"]
[EventCountry "POL"]
[SourceTitle "EXT 2003"]
[Source "ChessBase"]
[SourceDate "2002.11.25"]
[SourceVersion "1"]
[SourceVersionDate "2002.11.25"]
[SourceQuality "1"]

1. e4 c5 2. Nf3 Nc6 3. d4 cxd4 4. Nxd4 Nf6 5. Nc3 d6 6. Be3 Ng4 7. Qd2 Nxe3 8. Qxe3 g6 9. f4 Qb6 10. Bb5 Bd7 11. 0-0-0 Bg7 12. e5 dxe5 13. fxe5 Nxe5 14. Bxd7+ Nxd7 15. Nd5 Qc5 16. Rhe1 0-0 17. Nxe7+ Kh8 18. Qh3 Bxd4 19. Qxd7 Rad8 20. Qxb7 Rb8 21. Qc6 Bxb2+ 22. Kd2 Bc3+ 23. Ke2 Qxe7+ 24. Kf1 Bxe1 25. Rxe1 Qh4 26. Kg1 Qxe1# 0-1

[Event "POL-chT2 U18"]
[Site "Augustow"]
[Date "1996.??.??"]
[Round "?"]
[White "Wojcik, Bogumil"]
[Black "Kopacz, Grzegorz"]
[Result "0-1"]
[WhiteElo "1800"]
[BlackElo "2160"]
[PlyCount "64"]
[EventDate "1996.??.??"]
[EventType "team"]
[EventRounds "10"]
[EventCountry "POL"]
[SourceTitle "EXT 2003"]
[Source "ChessBase"]
[SourceDate "2002.11.25"]
[SourceVersion "1"]
[SourceVersionDate "2002.11.25"]
[SourceQuality "1"]

1. e4 c5 2. Nf3 d6 3. b3 Nf6 4. Bb5+ Bd7 5. Bxd7+ Nbxd7 6. d3 g6 7. Bb2 Bg7 8. 0-0 0-0 9. Nbd2 Qc7 10. d4 cxd4 11. Bxd4 b5 12. Re1 b4 13. Nc4 Rfd8 14. Qe2 e6 15. a3 a5 16. axb4 axb4 17. Qd2 Nxe4 18. Qxb4 d5 19. Bxg7 Kxg7 20. Ne3 Qc3 21. Qxc3+ Nxc3 22. Ng4 Rdc8 23. Rxa8 Rxa8 24. Kf1 Ra2 25. Nd4 h5 26. Ne5 Nxe5 27. Rxe5 Ne4 28. g3 f6 29. f4 Ra1+ 30. Ke2 Rh1 31. Nf3 Kf7 32. Nd4 Rxh2+ 0-1